Insolvencia slovenských podnikateľských subjektov v závislosti od hospodárskeho cyklu a legislatívnych zmien bakalárska práca

Uložené v:
Podrobná bibliografia
Hlavný autor: Hrabovská, Viktória
Korporativný autor: Fakulta podnikového manažmentu EU. Katedra podnikovohospodárska
Ďalší autori: Jakubec, Miroslav
Médium: Kniha
Jazyk:Slovak
Vydavateľské údaje: Bratislava 2016
Tagy: Pridať tag
Žiadne tagy, Buďte prvý, kto otaguje tento záznam!

MARC

LEADER 00000nbm a2200000 4500
001 0218367
005 20170302132240.3
041 0 |a slo 
044 |a SK 
245 1 0 |a Insolvencia slovenských podnikateľských subjektov v závislosti od hospodárskeho cyklu a legislatívnych zmien  |b bakalárska práca  |c Viktória Hrabovská ; školiteľ: Miroslav Jakubec 
264 1 |a Bratislava  |c 2016 
300 |a 48 s. 
100 1 |a Hrabovská, Viktória 
700 1 |a Jakubec, Miroslav 
710 2 |a Fakulta podnikového manažmentu EU. Katedra podnikovohospodárska